Assurer des liens affectifs et stables aux enfants par l'élaboration d'un projet de vie permanent (notice n° 1742988)

détails MARC
000 -LEADER
fixed length control field 02209cam a2200217 4500500
005 - DATE AND TIME OF LATEST TRANSACTION
control field 20260322004756.0
041 ## - LANGUAGE CODE
Language code of text/sound track or separate title fre
042 ## - AUTHENTICATION CODE
Authentication code dc
100 10 - MAIN ENTRY--PERSONAL NAME
Personal name Montambault, Esther
Relator term author
245 00 - TITLE STATEMENT
Title Assurer des liens affectifs et stables aux enfants par l'élaboration d'un projet de vie permanent
260 ## - PUBLICATION, DISTRIBUTION, ETC.
Date of publication, distribution, etc. 2005.<br/>
500 ## - GENERAL NOTE
General note 82
520 ## - SUMMARY, ETC.
Summary, etc. En contexte de protection de la jeunesse, dans plusieurs situations, il arrive que le développement d’un lien d’attachement ne puisse s’établir suite à du rejet, de l’abandon ou par l’incapacité des parents à reconnaître ou répondre aux besoins de l’enfant. Dans de telles situations, au Québec, on envisage de plus en plus une approche « projet de vie » pour l’enfant avec l’objectif de mettre fin à l’ambivalence et au vide affectif, ceci dans des délais qui ne compromettent pas sa capacité de se développer harmonieusement. Dans cette perspective, nous présentons ici les résultats d’une étude exploratoire qui a pour objectif de dresser un premier portrait des jeunes pour qui un « projet de vie » fut élaboré dans sept centres jeunesse du Québec.
520 ## - SUMMARY, ETC.
Summary, etc. In context of protection of youth, in several situations, it happens that the development of a bond of attachment cannot be established following rejection, abandonment or because of the incapacity of the parents to recognize or meet the needs for the child. In such situations, in Quebec, one plans more and more an approach « projet de vie » for the child with the objective to put an end to ambivalence and the emotional vacuum, this within deadlines which do not compromise its capacity to develop harmoniously. From this point of view, we have here the results of an exploratory study which aims to draw up a first portrait of the young people for which a « projet de vie » was elaborate in seven « centre jeunesse » of Quebec.
690 ## - LOCAL SUBJECT ADDED ENTRY--TOPICAL TERM (OCLC, RLIN)
Topical term or geographic name as entry element Attachement
690 ## - LOCAL SUBJECT ADDED ENTRY--TOPICAL TERM (OCLC, RLIN)
Topical term or geographic name as entry element placement
690 ## - LOCAL SUBJECT ADDED ENTRY--TOPICAL TERM (OCLC, RLIN)
Topical term or geographic name as entry element projet de vie
700 10 - ADDED ENTRY--PERSONAL NAME
Personal name Paquette, Geneviève
Relator term author
786 0# - DATA SOURCE ENTRY
Note Dialogue | 167 | 1 | 2005-03-01 | p. 39-50 | 0242-8962
856 41 - ELECTRONIC LOCATION AND ACCESS
Uniform Resource Identifier <a href="https://shs.cairn.info/revue-dialogue-2005-1-page-39?lang=fr&redirect-ssocas=7080">https://shs.cairn.info/revue-dialogue-2005-1-page-39?lang=fr&redirect-ssocas=7080</a>

Pas d'exemplaire disponible.

PLUDOC

PLUDOC est la plateforme unique et centralisée de gestion des bibliothèques physiques et numériques de Guinée administré par le CEDUST. Elle est la plus grande base de données de ressources documentaires pour les Étudiants, Enseignants chercheurs et Chercheurs de Guinée.

Adresse

627 919 101/664 919 101

25 boulevard du commerce
Kaloum, Conakry, Guinée

Réseaux sociaux

Powered by Netsen Group @ 2025